[Event "Zweibruecken PSB-ch op 82nd"]
[Site "Zweibruecken"]
[Date "2013.03.24"]
[Round "4"]
[White "Denzer, Johannes"]
[Black "De Silva, Joel Niels"]
[Result "0-1"]
[WhiteElo "1462"]
[BlackElo "1842"]
[PlyCount "68"]
[EventDate "2013.??.??"]
[EventType "swiss"]
[EventRounds "5"]
[EventCountry "GER"]
[SourceTitle "EXT 2014"]
[Source "ChessBase"]
[SourceDate "2013.11.20"]
[SourceVersion "1"]
[SourceVersionDate "2013.11.20"]
[SourceQuality "1"]

1. e4 e5 2. Nf3 Nc6 3. d4 exd4 4. Bc4 Nf6 5. 0-0 Be7 6. e5 Ne4 7. c3 d5 8. Bb5 dxc3 9. Nxc3 Nxc3 10. bxc3 0-0 11. Qc2 a6 12. Bd3 g6 13. Bh6 Re8 14. Rad1 Be6 15. Rfe1 b5 16. Be4 Na5 17. Nd4 Bg5 18. Nxe6 fxe6 19. Bxg6 Bxh6 20. Bxh7+ Kh8 21. Bg6 Rf8 22. Rd3 Nc4 23. Rh3 Kg7 24. Bh5 Rf5 25. Bg4 Rxe5 26. Rxe5 Nxe5 27. Bxe6 Qf6 28. Rg3+ Kh8 29. Bxd5 Rd8 30. Bf3 Nxf3+ 31. Rxf3 Qe5 32. g3 Qe1+ 33. Kg2 Rd1 34. Qf5 Qf1# 0-1

[Event "Zweibruecken PSB-ch op 82nd"]
[Site "Zweibruecken"]
[Date "2013.03.24"]
[Round "5"]
[White "Diehl, Klaus"]
[Black "De Silva, Joel Niels"]
[Result "1-0"]
[WhiteElo "2082"]
[BlackElo "1842"]
[PlyCount "45"]
[EventDate "2013.??.??"]
[EventType "swiss"]
[EventRounds "5"]
[EventCountry "GER"]
[SourceTitle "EXT 2014"]
[Source "ChessBase"]
[SourceDate "2013.11.20"]
[SourceVersion "1"]
[SourceVersionDate "2013.11.20"]
[SourceQuality "1"]

1. Nf3 d5 2. d4 Nf6 3. e3 c6 4. c4 e6 5. Bd3 Nbd7 6. 0-0 Bd6 7. Nc3 0-0 8. Qc2 Re8 9. e4 dxe4 10. Nxe4 Nxe4 11. Bxe4 h6 12. Rd1 Qe7 13. b3 e5 14. Bb2 exd4 15. Re1 Qd8 16. Bxd4 c5 17. Bb2 Re7 18. Rad1 Qc7 19. Bd5 Ne5 20. Qc3 Nxf3+ 21. gxf3 Bxh2+ 22. Kh1 Be5 23. Rxe5 1-0